music trivia: 1972 songs and artists - Statistics

General Stats
  • This quiz has been taken 169 times
  • The average score is 9 of 15
Answer Stats
songs artist or group % Correct
A Horse With No Name America
97%
Ben Michael Jackson
90%
Heart of Gold Neil Young
85%
The Candy Man Sammy Davis Jr.
79%
Alone Again (Naturally) Gilbert O'Sullivan
78%
The First Time Ever I Saw Your Face Roberta Flack
78%
I Can See Clearly Now Johnny Nash
68%
Doctor, My Eyes Jackson Browne
64%
Brandy (You're a Fine Girl) Looking Glass
56%
I'd Like to Teach the World to Sing (In Perfect Harmony) The New Seekers or The Hillside Singers
44%
The City of New Orleans Arlo Guthrie
40%
Go All the Way Raspberries
40%
I Saw the Light Todd Rundgren
31%
You Turn Me On, I'm a Radio Joni Mitchell
23%
Don't Let Me Be Lonely Tonight James Taylor
21%
No matching quizzes found
Score Distribution
Percent of People with Each Score
Percentile by Number Answered
Your Score History
You have not taken this quiz